טוען...

Mathematics and computational concepts to chemistry: lectures /

מידע ביבליוגרפי
מחבר ראשי: Trinajstic, Nenad
פורמט: Printed Book
יצא לאור: Chichester : Ellis Horwood , 1986.
נושאים:
LEADER 01293cam a2200205ua 4500
008 051209s1986 g b100 u Eng u
020 |a 0-85312-934-7  |c D 81.95 
044 |a   
082 1 4 |a 540.151 M6 
100 1 |a Trinajstic, Nenad. 
111 1 |a International symposium on applications of mathematical concepts to chemistry^eCroatia   |c Dubrovnik )  |d 1985 :   |e    |n ( :  
245 0 0 |a Mathematics and computational concepts to chemistry: lectures /   |h Textual Documents 
260 |a Chichester : Ellis Horwood ,   |c 1986. 
300 |a  ;  
365 |a D 81.95 
650 0 |a Mathematical calculations 
650 0 |a Numerical calculations 
942 |c BK 
999 |c 104448  |d 104448 
952 |0 0  |1 0  |4 0  |6 540_151000000000000_M6  |7 0  |9 99091  |a SCS  |b SCS  |d 2014-06-26  |h D 81.95  |l 0  |o 540.151 M6  |p SCS01804  |r 2014-06-26  |w 2014-06-26  |y BK